Mini arco: ejercicios para niños en edad escolar 4

Guardat en:
Dades bibliogràfiques
Autor principal: Vogel, Heinz (Autor)
Format: Llibre
Idioma:espanyol
Publicat: Barcelona IMGESA 1990
Edició:13a. ed
Col·lecció:Libros Mini Arco
Matèries:
Etiquetes: Afegir etiqueta
Sense etiquetes, Sigues el primer a etiquetar aquest registre!

MARC

LEADER 00000nam a2200000 a 4500
001 UCN2105
003 CL-VaPUC
008 010511e19900000SP |||||||||||||||||spa|d
082 0 4 |a 372.21  |b VOG  |2 21 
100 0 |a Vogel, Heinz  |e author  |9 457714 
245 1 0 |a Mini arco: ejercicios para niños en edad escolar 4 
250 |a 13a. ed 
300 |a pág. irreg 
942 |c BK 
945 |d 20010511 00:00:00  |a cmena 
260 |a Barcelona  |b IMGESA  |c 1990 
500 |a Incluye bolsillo con 11 fichas de ejercicios 
650 0 |a Ejercicios   |9 269807 
650 0 |a Educación preescolar  |9 260381 
650 0 |a Métodos de enseñanza  |9 270413 
583 |a last modification  |c 20010511 00:00:00  |k Rodrigo Vera 
490 0 |a Libros Mini Arco 
999 |c 295262  |d 295260 
952 |0 0  |1 0  |4 0  |6 372_210000000000000_VOG_1990  |7 0  |8 R  |9 348235  |a BIBEDU  |b BIBEDU  |c MCIRC  |d 2019-11-20  |i 3722783  |o 372.21 VOG 1990  |p 3722783  |r 2023-01-13  |w 2019-11-20  |y BK_R  |k EPE